| 000 | 01065nam a2200253Ia 4500 | ||
|---|---|---|---|
| 003 | Ost | ||
| 005 | 20260507075645.0 | ||
| 008 | 260507s9999||||xx |||||||||||||| ||und|| | ||
| 020 | _a3022189957 | ||
| 040 | _cfsecg | ||
| 041 | _aara | ||
| 082 | _a658.503 | ||
| 100 |
_aالحسين، محمد ابديوي _eمؤلف |
||
| 245 | 0 |
_aتخطيط الإنتاج ومراقبته / _c محمد ابديوي الحسين |
|
| 250 | _aطبعة 2 | ||
| 260 |
_aعمان: _bدار المناهج للنشر والتوزيع, _c2004 |
||
| 300 |
_a242 صفحة؛ _c25 سم |
||
| 504 | _aالمراجع ص.231 كشاف مصطلحات ص.234 | ||
| 520 | _aالتنبؤ بالطلب- تخطيط الإنتاج- جدولة الإنتاج- الرقابة على الإنتاج- إدارة المخزون- نظام تخطيط المستلزمات المادية- نظام الإنتاج الآني- الرقابة على الجودة | ||
| 653 | _aالإنتاج | ||
| 653 | _aتخطيط الإنتاج | ||
| 653 | _aمراقبة الإنتاج | ||
| 942 | _cكتاب | ||
| 999 |
_c45465 _d45465 |
||